Circuits et arènes de Mario Kart Wii - Statistiques

Statistiques générales
  • Ce quiz a été pris 67 fois
  • Le résultat moyen est 19 sur 42
Statistiques - réponses
Hint Réponse % Correct
Route Arc-en-Ciel
84%
Supermarché Coco
76%
Coupe Fleur Circuit Mario
73%
Coupe Champignon Circuit Luigi
71%
Mine Wario
71%
Château de Bowser
67%
N64 Château de Bowser
67%
Usine Toad
67%
Coupe Étoile Circuit Daisy
59%
Pic DK
59%
GCN Montagne DK
57%
Gorge Champignon
57%
N64 Jungle DK
57%
Prairie Meuh Meuh
57%
Volcan Grondant
57%
Route Clair de Lune
55%
Bois Vermeil
53%
Cap Koopa
53%
DS Quartier Delfino
47%
Coupe Carapace GCN Plage Peach
47%
DS Jardin Peach
45%
GCN Stade Waluigi
45%
Coupe Spéciale Ruines Sec Sec
43%
GCN Autodrome Mario
41%
N64 Autodrome Mario
41%
Coupe Feuille DS Désert du Soleil
39%
DS Cascades Yoshi
35%
GBA Château de Bowser 3
33%
GBA Plage Maskass
33%
Coupe Banane N64 Royaume Sorbet
33%
Coupe Éclair SNES Circuit Mario 3
31%
SNES Vallée Fantôme 2
31%
Stade Funky Kong
24%
Désert Thwomp
22%
DS Maison de l'Aube
20%
GBA Arène Bataille 3
20%
N64 Gratte-Ciel
20%
Arènes Rétro SNES Arène Bataille 4
20%
Arènes Inédites Square Bloc
20%
Jetée Delfino
18%
Roulette Chomp
18%
GCN Cookie Arena
16%
Aucun quiz correspondant
Distribution des résultats
% des personnes avec chaque résultat
Percentile par nombre de réponses
Votre historique - résultats
Vous n’avez pas pris ce quiz